অ্যাণ্টনী ও ক্লিওপেট্রা / (Record no. 38460)
[ view plain ]
| 000 -LEADER | |
|---|---|
| fixed length control field | 01122nam a22002537a 4500 |
| 001 - CONTROL NUMBER | |
| control field | 38460 |
| 003 - CONTROL NUMBER IDENTIFIER | |
| rucl marc code | BD-RjUL |
| 005 - DATE AND TIME OF LATEST TRANSACTION | |
| control field | 20211209052813.0 |
| 008 - FIXED-LENGTH DATA ELEMENTS--GENERAL INFORMATION | |
| fixed length control field | 160531s1978 bg ||||| |||| 00| f ben d |
| 020 ## - INTERNATIONAL STANDARD BOOK NUMBER | |
| Terms of availability | : Tk. 15.50 |
| 035 ## - SYSTEM CONTROL NUMBER | |
| System control number | (BD-RjUL) 38565 |
| 040 ## - CATALOGING SOURCE | |
| Original cataloging agency | BD-RjUL |
| Language of cataloging | ben |
| Transcribing agency | BD-RjUL |
| 041 ## - LANGUAGE CODE | |
| Language code of text/sound track or separate title | ben |
| 082 ## - DEWEY DECIMAL CLASSIFICATION NUMBER | |
| Edition number | 23 |
| Classification number | 822.33 |
| Author mark and year | SHA 1978 |
| 100 1# - MAIN ENTRY--PERSONAL NAME | |
| Personal name | শেক্সপীয়র, ইউলিয়াম |
| 9 (RLIN) | 118749 |
| 245 10 - TITLE STATEMENT | |
| Title | অ্যাণ্টনী ও ক্লিওপেট্রা / |
| Statement of responsibility, etc. | ইউলিয়াম শেক্সপীয়র ; অনুবাদ আবু শাহরিয়ার |
| 260 ## - PUBLICATION, DISTRIBUTION, ETC. (IMPRINT) | |
| Place of publication, distribution, etc. | ঢাকা : |
| Name of publisher, distributor, etc. | বাংলা একাডেমী, |
| Date of publication, distribution, etc. | ১৯৭৮ |
| 300 ## - PHYSICAL DESCRIPTION | |
| Pagination | ১৭৬ পৃ. ; |
| Size | ২২ সেমি. |
| 504 ## - BIBLIOGRAPHY, ETC. NOTE | |
| Bibliography, etc | গ্রন্থপঞ্জি সংযুক্ত |
| 600 ## - SUBJECT ADDED ENTRY--PERSONAL NAME | |
| Personal name | অ্যাণ্টনী, মার্কাস, |
| Dates associated with a name | ৮৩ খৃ.পূ.?-৩০ খৃ.পূ. |
| General subdivision | নাটক |
| Personal name | Antonius, Marcus, |
| Dates associated with a name | 83 B.C.?-30 B.C. |
| General subdivision | Drama. |
| 700 ## - ADDED ENTRY--PERSONAL NAME | |
| Personal name | শাহরিয়ার, আবু |
| 942 ## - ADDED ENTRY ELEMENTS (KOHA) | |
| Source of classification or shelving scheme | Dewey Decimal Classification |
| Koha item type | Books |
| Lost status | Source of classification or shelving scheme | Damaged status | Not for loan | Collection code | Permanent Location | Current Location | Shelving location | Date acquired | Source of acquisition | Cost, normal purchase price | Total Checkouts | Full call number | Date last seen | Copy number | Koha item type |
|---|---|---|---|---|---|---|---|---|---|---|---|---|---|---|---|
| Dewey Decimal Classification | Fiction | Central Library, University of Rajshahi | Central Library, University of Rajshahi | 07/08/1983 | Aligor Library, Rajshahi | 15.50 | B 822.33 SHA 1978 | 08/12/2015 | C-2 | Books | |||||
| Dewey Decimal Classification | Fiction | Central Library, University of Rajshahi | Central Library, University of Rajshahi | 06/02/1980 | Niomito Book Shop, Rajshahi | 15.00 | B 822.33 SHA 1978 | 31/05/2016 | C-3 | Books |